Derecho civil (Registro nro. 1752)
[ vista simple ]
| 000 -LEADER | |
|---|---|
| fixed length control field | 01600 a2200241 4500 |
| 001 - CONTROL NUMBER | |
| control field | 28911 |
| 005 - DATE AND TIME OF LATEST TRANSACTION | |
| control field | 20260407155558.0 |
| 008 - FIXED-LENGTH DATA ELEMENTS--GENERAL INFORMATION | |
| fixed length control field | 260407a1993 arg spa d |
| 003 - CONTROL NUMBER IDENTIFIER | |
| control field | AR-UNSa-BCEJYS |
| 040 ## - CATALOGING SOURCE | |
| Original cataloging agency | AR-UNSa-BCEJYS |
| Language of cataloging | spa |
| Transcribing agency | AR-UNSa-BCEJYS |
| 080 ## - UNIVERSAL DECIMAL CLASSIFICATION NUMBER | |
| Universal Decimal Classification number | 347.61 |
| Common auxiliary subdivision | La familia |
| 020 ## - INTERNATIONAL STANDARD BOOK NUMBER | |
| International Standard Book Number | 950-508-300-9 |
| 041 ## - LANGUAGE CODE | |
| Language code of text/sound track or separate title | spa |
| 100 1# - MAIN ENTRY--PERSONAL NAME | |
| Personal name | Zannoni, Eduardo A. |
| 245 10 - TITLE STATEMENT | |
| Title | Derecho civil |
| Name of part/section of a work | Derecho de familia |
| 250 ## - EDITION STATEMENT | |
| Edition statement | 2a. ed. |
| 264 #1 - PRODUCTION, PUBLICATION, DISTRIBUTION, MANUFACTURE, AND COPYRIGHT NOTICE | |
| Place of production, publication, distribution, manufacture | Buenos Aires : |
| Name of producer, publisher, distributor, manufacturer | Astrea |
| Date of production, publication, distribution, manufacture, or copyright notice | 1993 |
| 300 ## - PHYSICAL DESCRIPTION | |
| Extent | 2 v. |
| Dimensions | 23 cm. |
| 505 ## - FORMATTED CONTENTS NOTE | |
| Formatted contents note | Vol. I: 1. Familia y derecho de familia - 2. Estado de familia - 3. Parentesco - 4. Caracterización del acto jurídico matrimonial - 5. Cuestiones jurídicas previas a la celebración del matrimonio - 6. Presupuestos del acto jurídico matrimonial - 7. Estructura del acto jurídico matrimonial - 8. Ineficacia del acto jurídico matrimonial - 9.Nulidad de matrimonio - 10. Relaciones personales de los cónyuges - 11. Caracterización de regímenes y derecho argentino - 12.Activo y pasivo de la sociedad conyugal - 13. Administración y disposición de bienes - 14. Disolución y liquidación -- Vol. II: 15. Disolución del vínculo matrimonial - 16. Separación personal y divorcio vincular - 17. Concubinato - 18.Filiación - 19. Acciones de estado relativas a la filiación - 20. Biogenética y filiación - 21. Adopción - 22. Patria Potestad - 23. Tutela de menores |
| 590 ## - LOCAL NOTE (RLIN) | |
| Local note | niveau_biblio:m niveau_hierar:0 |
| 856 41 - ELECTRONIC LOCATION AND ACCESS | |
| Uniform Resource Identifier | <a href="https://biblioeco.unsa.edu.ar/pmb/images/libros/Derecho Civil Derecho de Familia-l119991.jpg">https://biblioeco.unsa.edu.ar/pmb/images/libros/Derecho Civil Derecho de Familia-l119991.jpg</a> |
| Link text | Imagen de portada |
| Electronic format type | image/jpeg |
| 942 ## - ADDED ENTRY ELEMENTS (KOHA) | |
| Koha item type | |
| Withdrawn status | Lost status | Damaged status | Not for loan | Home library | Current library | Shelving location | Date acquired | Total checkouts | Full call number | Barcode | Date last seen | Price effective from | Koha item type |
|---|---|---|---|---|---|---|---|---|---|---|---|---|---|
| Biblioteca Prof. Eusebio Cleto del Rey | Biblioteca Prof. Eusebio Cleto del Rey | 07/04/2026 | 347.61 Z32 v.1 2ed. | L119991 | 07/04/2026 | 07/04/2026 | Libro | ||||||
| Biblioteca Prof. Eusebio Cleto del Rey | Biblioteca Prof. Eusebio Cleto del Rey | 07/04/2026 | 347.61 Z32 v.2 2ed. | L119992 | 07/04/2026 | 07/04/2026 | Libro |